000 01117nam a2200253 i 4500
001 bg
245 0 0 _aRynek energii elektrycznej :
_brozwój i harmonizacja struktur : materiały VII konferencji naukowo-technicznej REE'2000, Kazimierz Dolny 27-28 kwietnia 2000 r.T. /
_c[oprac. red. Zbigniew Połecki] ; Katedra Elektrowni i Gospodarki Energetycznej Politechniki Lubelskiej
_n1,Referaty generalne i referaty zamówione.
260 _aLublin :
_bWydaw. PL,
_ccop. 2000.
300 _a160 s. :
_bil. ;
_c24 cm.
500 _aStreszcz. ang. przy ref.
504 _aBibliogr. przy ref.
650 9 _aElektroenergetyka
_xekonomika
_zPolska
_yod 1989 r.
650 9 _aEnergia elektryczna
_xhandel
_zPolska
_yod 1989 r.
655 _aMateriały konferencyjne
700 1 _aPOŁECKI, Zbigniew.
_eRed.
710 0 _aPolitechnika Lubelska
_bKatedra Elektrowni i Gospodarki Energetycznej
020 _a8388110861 (całość)
040 _cBPK
041 0 _apol
_beng
080 _a339.166:621.31.003](438)"1989/..."(061)
920 _a83-88110-86-1 (całość)
942 _cKS
008 s pl f |000 0 pol
999 _c43735
_d43735